LEADER 01081nam0-22003131i-450- 001 990004745810403321 005 20140708132524.0 035 $a000474581 035 $aFED01000474581 035 $a(Aleph)000474581FED01 035 $a000474581 100 $a19990604g19489999km-y0itay50------ba 101 0 $ager 102 $aDE 105 $af-------000dy 200 1 $aEpigramm und Pantomimus$eEpigrammstudien I$eNebst einem Kapitel über einige nicht-epigrammatische Texte und Denkmäler zur Geschichte des Pantomimus$fvon Otto Weinreich 210 $aHeidelberg$cC. Winter$d1948 215 $a176 p., [1] tav.$d25 cm 225 1 $aStizungsberichte der Heidelberg Akademie der Wissenschaften philosophisch - historische Klasse$v1 610 0 $aEpigramma e pantomimo$aStudi 676 $a880 700 1$aWeinreich,$bOtto$f<1886-1972>$0181069 801 0$aIT$bUNINA$gRICA$2UNIMARC 901 $aBK 912 $a990004745810403321 952 $aP2B-250-WEINREICH O.-1948$bBibl. 23200$fFLFBC 959 $aFLFBC 996 $aEpigramm und Pantomimus$9559151 997 $aUNINA LEADER 01356cam0-22004811i-450- 001 990007158070403321 005 20140529144428.0 010 $a88-14-01903-7 035 $a000715807 035 $aFED01000715807 035 $a(Aleph)000715807FED01 035 $a000715807 100 $a20021021d1989----km-y0itay50------ba 101 0 $aita 102 $aIT 105 $ay-------001yy 200 1 $a<>qualità della vita e l'ambiente$fa cura di Antonella Ferranti e Alessandro Pascolini 210 $aMilano$cGiuffrè$d1989 215 $aXIV, 309 p.$d23 cm 225 1 $aQuaderni della Rivista giuridica dell'ambiente$v2 676 $a333.7$v11$zita 676 $a344.4504632$v19$zita 702 1$aFerranti,$bAntonella 702 1$aPascolini,$bAlessandro$f<1944- > 801 0$aIT$bUNINA$gRICA$2UNIMARC 901 $aBK 912 $a990007158070403321 952 $aCN 57(2b)$b2530$fDDCIC 952 $a22-T-15$b1243$fDDCP 952 $aCOLLEZ. 1269 (2)$b9125$fFSPBC 952 $aCN 57(2a)$b1242$fDDCIC 952 $aVI L 13 (2)$b13224*$fFGBC 952 $aL 125$bs.i.$fDSS 952 $a3-130$b2039$fDSPCP 959 $aDSS 959 $aDDCIC 959 $aDDCP 959 $aFSPBC 959 $aDDCIC 959 $aFGBC 959 $aDSPCP 996 $aQualità della vita e l'ambiente$9689817 997 $aUNINA LEADER 00931cam0-22003251i-450- 001 990008861730403321 005 20140520105438.0 035 $a000886173 035 $aFED01000886173 035 $a(Aleph)000886173FED01 035 $a000886173 100 $a20090603d1972----km-y0itay50------ba 101 0 $aita 102 $aIT 200 1 $aTossicomanie e psicotropi$fLuca M. Pedrotti Dell'Acqua 210 $aMilano$cGiuffrè$d1972 215 $aXV, 219 p.$d23 cm. 225 1 $aTeoria e pratica del diritto$hSez. 3.$iDiritto penale 610 0 $aTossicomania$aAspetti giuridici 676 $a350.76 700 1$aPedrotti Dell'Acqua,$bLuca M.$0317619 801 0$aIT$bUNINA$gRICA$2UNIMARC 901 $aBK 912 $a990008861730403321 952 $aXX 24 (3)$b106545$fFGBC$mFGBC 952 $a5,3-53$b1881$fDSPCP 959 $aFGBC 959 $aDSPCP 996 $aTossicomanie e psicotropi$9803733 997 $aUNINA